|
|
|
|
| LEADER |
00000nam0a2200000 4500 |
| 001 |
290241 |
| 005 |
20231102000251.0 |
| 020 |
|
|
|a RU
|b 83-81114
|
| 035 |
|
|
|a (RuTPU)RU\TPU\book\314789
|
| 090 |
|
|
|a 290241
|
| 100 |
|
|
|a 20150404d1984 m y0rusy5003 ca
|
| 101 |
0 |
|
|a rus
|
| 102 |
|
|
|a RU
|
| 105 |
|
|
|a a j 001zy
|
| 200 |
1 |
|
|a Пособие по истории английского языка
|e учебное пособие
|f Л. Д. Залесская, Д. А. Матвеева
|
| 210 |
|
|
|a Москва
|c Высшая школа
|d 1984
|
| 215 |
|
|
|a 111 с.
|c ил.
|
| 320 |
|
|
|a Библиогр.: с. 109
|
| 606 |
1 |
|
|a Английский язык
|x История
|2 stltpush
|3 (RuTPU)RU\TPU\subj\29050
|9 52462
|
| 610 |
1 |
|
|a древнегерманские языки
|
| 610 |
1 |
|
|a германские племена
|
| 610 |
1 |
|
|a фонетика
|
| 610 |
1 |
|
|a лексика
|
| 610 |
1 |
|
|a части речи
|
| 610 |
1 |
|
|a письменность
|
| 610 |
1 |
|
|a учебные пособия
|
| 686 |
|
|
|a Ш143.21-0
|2 rubbk
|
| 700 |
|
1 |
|a Залесская
|b Л. Д.
|g Людгарда Дмитриевна
|
| 701 |
|
1 |
|a Матвеева
|b Д. А.
|g Дженни Арефьевна
|
| 801 |
|
0 |
|a RU
|b RuMRKP
|c 19950704
|g psbo
|
| 801 |
|
1 |
|a RU
|b 63413507
|c 20150404
|
| 801 |
|
2 |
|a RU
|b 63413507
|c 20180219
|g RCR
|
| 942 |
|
|
|c BK
|